| 000 | 00446nam a2200193Ia 4500 | ||
|---|---|---|---|
| 005 | 20250423100101.0 | ||
| 008 | 250422s9999 xx 000 0 und d | ||
| 020 | _a81-224-1735-3 | ||
| 050 | _aHG 4028 .V3 I94/ | ||
| 100 | _aIyer, S.S. | ||
| 245 | 0 | _aManaging for value | |
| 250 | _a2nd ed. | ||
| 260 | _aNew Delhi | ||
| 260 | _bNew Age InternationalLimited | ||
| 260 | _c2006 | ||
| 300 | _a257 p | ||
| 650 | _aManagement | ||
| 942 | _cBK | ||
| 999 |
_c32239 _d32239 |
||